000 00919 a2200241 4500
005 20081013150556.0
008 081013t xxu||||| |||| 00| 0 eng d
010 _aENG-85658
020 _c120.00
035 _aEN-69191
037 _bD.B.Act / Pub
082 _a658.1
100 _aAppannaiah, H. R.
245 _aOrganisational behaviour
_bfor second semester, BBM Banglore Universty
_cby H. R. Appannaiah, P. N. Reddy and B. Rose Kavitha
250 _a2nd rev. ed.
260 _aMumbai
_bHimalaya Publishing House
_c2006
270 _a"Ramdoot", Dr. Bhalerao Marg, Girgaon
_bMumbai
_e400 004
_k022-23860170, 022-23863863
_l022-23877178
_mhimpub@vsnl.net.in
300 _a278 p.
_c22 cm ( Pbk.)
700 _aReddy, P. N.
700 _aKavitha, B. Rose
942 _adpl
_cEN
_2ddc
_h658.1
_mAPP
999 _c3279
_d3279